| 000 -LEADER |
| fixed length control field |
00816nam a22001577a 4500 |
| 003 - CONTROL NUMBER IDENTIFIER |
| control field |
OSt |
| 005 - DATE AND TIME OF LATEST TRANSACTION |
| control field |
20230301160500.0 |
| 008 - FIXED-LENGTH DATA ELEMENTS--GENERAL INFORMATION |
| fixed length control field |
150917b xxu||||| |||| 00| 0 eng d |
| 040 ## - CATALOGING SOURCE |
| Transcribing agency |
RUA |
| 082 ## - DEWEY DECIMAL CLASSIFICATION NUMBER |
| Classification number |
AGR PIL 2005 B031 Or.1 |
| 100 ## - MAIN ENTRY--PERSONAL NAME |
| 9 (RLIN) |
661 |
| Personal name |
PIL, SOKHA. |
| 245 ## - TITLE STATEMENT |
| Title |
Study on potential for agroforestry system development in lowland fields in kriang yov commune saang district kandal province សិក្សាសក្ដានុពលដើម្បីអភិវឌ្ឍន៍ប្រព័ន្ធកសិរុក្ខកម្មនៅតំបន់វាលស្រែទំនាបក្នុងឃុំក្រាំងយ៉ូវ ស្រុកស្អាង ខេត្តកណ្ដាល |
| 260 ## - PUBLICATION, DISTRIBUTION, ETC. (IMPRINT) |
| Place of publication, distribution, etc. |
Phnom Penh |
| Name of publisher, distributor, etc. |
RUA |
| Date of publication, distribution, etc. |
2005 |
| 300 ## - PHYSICAL DESCRIPTION |
| Extent |
xii; 70p. |
| Other physical details |
ill. |
| Dimensions |
29cm. |
| 942 ## - ADDED ENTRY ELEMENTS (KOHA) |
| Source of classification or shelving scheme |
|
| Koha item type |
AGR |